Central Library OPAC University of Rajshahi

Our revolutionary forefathers : (Record no. 64724)

MARC details
000 -LEADER
fixed length control field 01580nam a2200349 a 4500
001 - CONTROL NUMBER
control field 64724
003 - CONTROL NUMBER IDENTIFIER
rucl marc code BD-RjUL
005 - DATE AND TIME OF LATEST TRANSACTION
control field 20211209081337.0
008 - FIXED-LENGTH DATA ELEMENTS--GENERAL INFORMATION
fixed length control field 170219r19691929nyuac b 000 0 eng d
020 ## - INTERNATIONAL STANDARD BOOK NUMBER
International Standard Book Number 0836950887
035 ## - SYSTEM CONTROL NUMBER
System control number (BD-RjUL)64854
040 ## - CATALOGING SOURCE
Original cataloging agency DLC
Transcribing agency DLC
Modifying agency BD-RjUL
Language of cataloging eng
041 1# - LANGUAGE CODE
Language code of text/sound track or separate title eng
Language code of original fre
082 00 - DEWEY DECIMAL CLASSIFICATION NUMBER
Classification number 923.244
Edition number 24
Author mark and year BAO 1969
100 1# - MAIN ENTRY--PERSONAL NAME
Personal name Barbe-Marbois, Francois
Dates associated with a name 1745-1837.
9 (RLIN) 191875
245 10 - TITLE STATEMENT
Title Our revolutionary forefathers :
Remainder of title the letters of Francois, Marquis de Barbe-Marbois, during his residence in the United States as secretary of the French legation, 1779-1785 /
Statement of responsibility, etc. Francois Barbe-Marbois ; Translated and edited with an introd. by Eugene Parker Chase.
260 ## - PUBLICATION, DISTRIBUTION, ETC. (IMPRINT)
Place of publication, distribution, etc. Freeport, N.Y. :
Name of publisher, distributor, etc. Books for Libraries Press,
Date of publication, distribution, etc. 1969
300 ## - PHYSICAL DESCRIPTION
Pagination ix, 225 p. :
Illustrations ill. ;
Size 23 cm.
490 0# - SERIES STATEMENT
Series statement Select bibliographies reprint series
500 ## - GENERAL NOTE
General note Reprint of the 1929 ed.
504 ## - BIBLIOGRAPHY, ETC. NOTE
Bibliography, etc Bibliography: p. 34-36.
600 10 - SUBJECT ADDED ENTRY--PERSONAL NAME
Personal name Barbé-Marbois, François,
Titles and other words associated with a name marquis de,
Dates associated with a name 1745-1837
General subdivision Correspondence.
650 #0 - SUBJECT ADDED ENTRY--TOPICAL TERM
Topical term or geographic name as entry element French
Geographic subdivision United States
General subdivision History
Chronological subdivision 18th century
General subdivision Sources.
9 (RLIN) 191877
Topical term or geographic name as entry element Diplomats
Geographic subdivision United States
General subdivision Correspondence.
9 (RLIN) 191878
Topical term or geographic name as entry element Diplomats
Geographic subdivision France
General subdivision Correspondence.
9 (RLIN) 191879
Topical term or geographic name as entry element Oneida Indians.
9 (RLIN) 191880
651 #0 - SUBJECT ADDED ENTRY--GEOGRAPHIC NAME
Geographic name United States
General subdivision Description and travel
-- Early works to 1800.
9 (RLIN) 191881
Geographic name United States
General subdivision Social life and customs
Chronological subdivision 1775-1783.
9 (RLIN) 191882
700 1# - ADDED ENTRY--PERSONAL NAME
Personal name Chase, E. P.
Fuller form of name (Eugene Parker),
Dates associated with a name 1895-1972.
830 ## - SERIES ADDED ENTRY--UNIFORM TITLE
Uniform title Select bibliographies reprint series
942 ## - ADDED ENTRY ELEMENTS (KOHA)
Source of classification or shelving scheme Dewey Decimal Classification
Koha item type Books
Holdings
Lost status Source of classification or shelving scheme Damaged status Not for loan Collection code Permanent Location Current Location Shelving location Date acquired Source of acquisition Total Checkouts Full call number Date last seen Copy number Koha item type
  Dewey Decimal Classification   Not For Loan Non-fiction Central Library, University of Rajshahi Central Library, University of Rajshahi Reading Room 25/02/1985 Asia Foundation   923.244 BAO 1969 19/02/2017 C-1 Books